Multicategory A-Z Blitz Quiz Stats

 Plays Quiz Updated Jun 26, 2018

Score 0/32 Timer 02:00
3 Plays Today
% Correct
Bases used in RNA
99.8%
Chess Pieces
99.8%
Letters of the Greek Alphabet
99.7%
Days of the Week
99.8%
Colors of the Rainbow
99.8%
Old Testament Books (King James Version)
99.7%
Bishop...
96.9%
Guanine...
94.3%
Rook...
94.1%
King...
91.6%
Tuesday...
91.2%
Adenine...
91%
Psalms...
88.1%
Micah...
88%
Omega...
88%
Samuel...
87.7%
% Correct
Wednesday
84.4%
Queen
82%
Friday
81%
Yellow
78.2%
Isaiah...
77.9%
Daniel...
74.4%
Exodus...
73.9%
Violet
69.2%
Zephaniah...
52.3%
Leviticus...
50.2%
Nu...
49.7%
Cytosine...
42.6%
Joshua...
37%
Uracil...
33.6%
Xi
31.1%
Hosea...
13.2%

You're not logged in!

Compare scores with friends on all Sporcle quizzes.
OR
Log In

You Might Also Like...

Show Comments

Extras

Top Quizzes Today


Score Distribution

Your Account Isn't Verified!

In order to create a playlist on Sporcle, you need to verify the email address you used during registration. Go to your Sporcle Settings to finish the process.

Report this User

Report this user for behavior that violates our Community Guidelines.

Details: